El Parc del Montnegre i el Corredor : Exposició itinerant Exposició itinerant
Descripción Física:
1 tríptic ; il·lustracions color ; 10 x 21 cm
Materias:
Parc del Montnegre i el Corredor (Catalunya) -- Exposicions
; Parc del Montnegre i el Corredor (Catalunya) -- Activitats culturals
; Fulletons
Idioma:
Catalán
MARC
| LEADER | 00000nam a22000007a 4500 | ||
|---|---|---|---|
| 001 | 28471 | ||
| 003 | AGDB | ||
| 005 | 20260324181523.0 | ||
| 008 | 240405b spa||||| |||| 00| 0 cat d | ||
| 017 | |a B 6303-2023 | ||
| 040 | |a agdb |b cat | ||
| 110 | 1 | |a Barcelona (Catalunya : Província). |b Xarxa de Parcs Naturals |9 7250 | |
| 245 | |a El Parc del Montnegre i el Corredor : |b Exposició itinerant | ||
| 260 | |a Barcelona : |b Diputació de Barcelona ; |c 2023 | ||
| 300 | |a 1 tríptic ; |b il·lustracions color ; |c 10 x 21 cm | ||
| 610 | 0 | |a Parc del Montnegre i el Corredor (Catalunya) |x Exposicions |9 55849 | |
| 610 | 2 | 0 | |a Parc del Montnegre i el Corredor (Catalunya) |x Activitats culturals |9 52939 |
| 655 | 0 | |a Fulletons |9 55858 | |
| 710 | |a Parc del Montnegre i el Corredor (Catalunya) |9 10204 | ||
| 856 | 4 | 0 | |u https://llibreria.diba.cat/es/libro/el-parc-del-montnegre-i-el-corredor_68131 |y Accés lliure (Llibreria de la Diputació de Barcelona) |
| 942 | |c ARXIU |2 udc |n 1 | ||
| 952 | |0 0 |1 0 |4 0 |6 FU7718 |7 1 |9 96922 |a Arxiu |b Arxiu |d 2024-04-05 |l 0 |o FU-77-18 |p 28471 |r 2024-04-05 00:00:00 |w 2024-04-05 |y ARXIU | ||
| 999 | |c 128768 |d 128768 | ||